Statistics for U.S. State General Knowledge #3 - Alaska

Click here to take the quiz!

General Stats

  • This quiz has been taken 73 times
    (31 since last reset)
  • The average score is 32 of 53

Answer Stats

HintAnswer% Correct
32,094 | CapitalJuneau
100%
AbbreviationAK
100%
Ranking of the 50 states (area)1st
96%
BearsBrown Bear
96%
Bordering bodies of water{Pacific} Ocean
96%
The Americans bought Alaska from whom in 1867?the Russians
92%
Neighboring countryCanada
88%
31,644Fairbanks
88%
294,356Anchorage
88%
"Hockey Mom" nominated as John McCain's VP in 2008Sarah Palin
88%
Bordering bodies of water{Arctic} Ocean
88%
National animal of the United StatesBald Eagle
85%
It is the only state in which you can regularly see these natural lightsNorthern Lights
85%
The old name of this mountainMount McKinley
85%
Other word: Killer whaleOrca
85%
Bordering bodies of water{Bering} Sea
85%
Highest mountainDenali
85%
In 1896, miners in Klondike discovered this rare elementGold
81%
BearsBlack Bear
81%
BearsPolar Bear
81%
Other word: BuffaloBison
81%
Ranking of the 50 states (population)48th
81%
Bordering bodies of waterGulf of {Alaska}
69%
Long island chain on the Ring of Fire{Aleutian} Islands
69%
Range where ^ located{Alaska} Range
69%
Official nicknameThe Last Frontier
65%
Year of admission to the Union1959
65%
These native people inhabit Alaska for more than 500 yearsInuit
62%
Ship that spilled crude oil in 1989Exxon Valdez
58%
City where ^ endsNome
58%
Biggest island{Kodiak} Island
58%
Annual long-distance sled dog race runIditarod Trail
Sled Dog Race
54%
Northernmost city in the United StatesBarrow
50%
8,689Sitka
46%
In 1964, the Good Friday ___ happenedEarthquake
42%
Longest river{Yukon} River
42%
10,151Wasilla
42%
Other word: ReindeerCaribou
42%
Alaska is administratively divided into ...Boroughs
38%
U.S. Senator for Alaska (R)Dan Sullivan
27%
This husky led the final leg of the 1925 serum run to NomeBalto
27%
A military stay in Alaska influenced this painter (The Joy of Painting) a lotBob Ross
27%
He is the longest-serving House memberDon Young
27%
U.S. Senator for Alaska (R)Lisa Murkowski
27%
The town of Talkeetna had this type of mayor from 1997 to 2017a Feline Mayor
19%
Governor (I)Bill Walker
19%
State mottoNorth to the Future
19%
Largest lake{Iliamna} Lake
15%
Bordering bodies of water{Beaufort} Sea
15%
He led the Philadelphia Phillies to the World Series in 1993Curt Schilling
12%
This cowboy and gambler built a saloon in NomeWyatt Earp
12%
Founder and critic of WikipediaLarry Sanger
4%

Score Distribution

Percentile by Number Answered

Percent of People with Each Score

Your Score History

You have not taken this quiz since the last reset